ბათუმის შოთა რუსთაველის სახელმწიფო უნივერსიტეტის ბიბლიოთეკა

Практикум по диагностированию сельскохозяйственной теxники. (ბიბ.ჩანაწერი № 35628)

000 -LEADER
fixed length control field 00795nam a2200217Ia 4500
001 - CONTROL NUMBER
control field 1498
003 - CONTROL NUMBER IDENTIFIER
control field GE_BSU
008 - FIXED-LENGTH DATA ELEMENTS--GENERAL INFORMATION
fixed length control field 181216s||||||||xx |||||||||||||| ||und||
040 ## - CATALOGING SOURCE
Transcribing agency GE_BSU
080 ## - UNIVERSAL DECIMAL CLASSIFICATION NUMBER
Universal Decimal Classification number 631.3.004(075.3)
100 ## - MAIN ENTRY--PERSONAL NAME
Personal name Сельцер А.А. Скибневский К.Ю.
245 ## - TITLE STATEMENT
Title Практикум по диагностированию сельскохозяйственной теxники.
245 ## - TITLE STATEMENT
Remainder of title Учебное пособие для сельских профессионнально -технических училищ.
260 ## - PUBLICATION, DISTRIBUTION, ETC.
Place of publication, distribution, etc. Москва
260 ## - PUBLICATION, DISTRIBUTION, ETC.
Name of publisher, distributor, etc. Колос
260 ## - PUBLICATION, DISTRIBUTION, ETC.
Date of publication, distribution, etc. 1979
300 ## - PHYSICAL DESCRIPTION
Extent 424 с. 19 см.
653 ## - INDEX TERM--UNCONTROLLED
Uncontrolled term диагностированию сельскохозяйственной теxники.
942 ## - ADDED ENTRY ELEMENTS (KOHA)
Koha item type წიგნი
ეგზემპლარები
Withdrawn status Lost status Damaged status Not for loan Date acquired Barcode Date last seen Price effective from Koha item type
        2018-12-17 2879 2018-12-17 2018-12-17 წიგნი